Loading...

Reflections

Bibliographic Details
Main Author: Thampi, Mohan G B Ed
Format: Printed Book
Language:Undetermined
Published: Pearson, 2014
Edition:2 ed.
Subjects:
LEADER 00498nam a2200157Ia 4500
008 200324s9999 xx 000 0 und d
082 |a 421  |b THA-R 
100 |a Thampi, Mohan G B Ed., 
245 0 |a Reflections 
250 |a 2 ed. 
260 |b Pearson,  |c 2014 
300 |a 118p. 
650 |a Written & spoken English-- Communicative English 
942 |c BK 
999 |c 285656  |d 285656 
952 |0 0  |1 0  |4 0  |6 421_000000000000000_THAR  |7 0  |9 304197  |a SDE  |b SDE  |d 2014-09-11  |l 0  |o 421 THA-R  |p SDE21325  |r 2020-03-27  |w 2020-03-27  |y BK